000 00438nam a2200181Ia 4500
008 230524s9999 xx 000 0 und d
020 _a9788131719343
082 _a621.38
_bGON
100 _aRafael C.Gonzalez
245 0 _aDigital Image Processing
250 _a2ND
260 _aNEW DELHI
_bPHI
_c2005
300 _aXVII;777
500 _aQuantity Number: 173
650 _aElectronics
700 _aRichard E.Woods
942 _cBK
999 _c7780
_d7780